| 000 | 00900nam a22002297a 4500 | ||
|---|---|---|---|
| 003 | OSt | ||
| 005 | 20251126204054.0 | ||
| 008 | 240817b ||||| |||| 00| 0 eng d | ||
| 040 | _c0 | ||
| 082 | _aDPer 510.5 Am351 February - April 2019 v. 141 n. 1-2 | ||
| 100 |
_aGalashin, Pavel . _eauthor. _958135 |
||
| 245 |
_aThe Classification of Zamolodchikov periodic quivers / _cPavel Galashin and Pavlo Pylyavskyy. |
||
| 260 |
_aBaltimore, Maryland U.S. ; _bJohns Hopkins University Press , _c April 2019. |
||
| 300 |
_aVolume 141, pages 447-484 : _billustration ; _c28 cm. |
||
| 500 | _aAmerican Journal of Mathematics, vol. 141, no. 2, pages 447-485, April 2019. | ||
| 650 | 0 |
_aMathematics. _91041 |
|
| 650 | 0 |
_aMathematical analysis _915001 |
|
| 650 | 0 |
_aClassification _91601 |
|
| 700 |
_aGalashin, Pavel . _eauthor. _958135 |
||
| 700 |
_aPylyavskyy, Pavlo . _eauthor. _958136 |
||
| 942 |
_2ddc _cPER |
||
| 999 |
_c20594 _d20594 |
||